000 00528cam a22002174a 4500
005 20250605164202.0
008 250528s ||||||||||||||||||||||||d
035 _a19748
020 _a471490873
040 _aGR-AtMCL
_bgre
_dGR-AtMCL
_eAACR2
245 1 _aRESEARCH METHODS IN CLINICAL PSYCHOLOGY
250 _a2
260 _bWiley,
_c2003
300 _a284
700 1 _aBarker Chris
_95944
700 1 _aElliott Robert
_95945
700 1 _aPistrang Nancy
_95946
942 _cBK
999 _c5004
_d5004